书目信息 |
| 题名: |
抗日战争时期中国教育研究
|
|
| 作者: | 余子侠 , 冉春 著 | |
| 分册: | ||
| 出版信息: | 北京 团结出版社 2015 |
|
| 页数: | 456页 | |
| 开本: | 24cm | |
| 丛书名: | 《抗日战争与中华民族复兴》丛书 | |
| 单 册: | ||
| 中图分类: | G529.6 | |
| 科图分类: | ||
| 主题词: | 教育史--研究--中国--1937-1945 | |
| 电子资源: | ||
| ISBN: | 978-7-5126-3512-8 | |
| 000 | 01036oam2 2200277 450 | |
| 001 | 012015000103 | |
| 005 | 20151210161351.84 | |
| 010 | @a978-7-5126-3512-8@dCNY52.00 | |
| 100 | @a20151101d2015 em y0chiy50 ea | |
| 101 | 0 | @achi |
| 102 | @aCN@b110000 | |
| 105 | @ay z 000yy | |
| 106 | @ar | |
| 200 | 1 | @a抗日战争时期中国教育研究@Akang ri zhan zheng shi qi zhong guo jiao yu yan jiu@f余子侠,冉春著 |
| 210 | @a北京@c团结出版社@d2015 | |
| 215 | @a456页@d24cm | |
| 225 | 2 | @a《抗日战争与中华民族复兴》丛书@f步平,沈强,邵铭煌总主编 |
| 300 | @a国家出版基金项目 | |
| 330 | @a本书全面而系统地研究和总结了战时国民政府治领下各级各类教育事业的变迁和发展,借以显示中华民族不屈不饶的斗争精神,并用以纪念广大爱国师生为了教育现代化不致中断而努力奋斗的历史贡献。 | |
| 410 | 0 | @12001 @a《抗日战争与中华民族复兴》丛书 |
| 606 | 0 | @a教育史@x研究@y中国@z1937-1945 |
| 690 | @aG529.6@v5 | |
| 701 | 0 | @a余子侠@Ayu zi xia@4著 |
| 701 | 0 | @a冉春@Aran chun@f(1978-)@4著 |
| 801 | 0 | @aCN@b碧洲教育@c20151129 |
| 905 | @a10447@f3@dG529.6@e183 | |
| 抗日战争时期中国教育研究/余子侠,冉春著.-北京:团结出版社,2015 |
| 456页;24cm.-(《抗日战争与中华民族复兴》丛书/步平,沈强,邵铭煌总主编) |
| 国家出版基金项目 |
| ISBN 978-7-5126-3512-8:CNY52.00 |
| 本书全面而系统地研究和总结了战时国民政府治领下各级各类教育事业的变迁和发展,借以显示中华民族不屈不饶的斗争精神,并用以纪念广大爱国师生为了教育现代化不致中断而努力奋斗的历史贡献。 |
| ● |
| 相关链接 |
|
|
|
|
正题名:抗日战争时期中国教育研究
索取号:G529.6/183
 
预约/预借
| 序号 | 登录号 | 条形码 | 馆藏地/架位号 | 状态 | 备注 |
| 1 | 0872137 | 208721374 | 第一样本阅览室/ [索取号:G529.6/183] | 在馆 | |
| 2 | 0872138 | 208721383 | 教育系资料室/ [索取号:G529.6/183] | 在馆 | |
| 3 | 0872139 | 208721392 | 教育系资料室/ [索取号:G529.6/183] | 在馆 |